=LDR 00000nam 2200000 4500 =001 INLIS000000000044672 =005 20141108143519.0 =006 =007 =008 Ind =035 ##$$a 0010-101300000002594 =041 ##$$a Ind =082 ##$$a 813 =090 ##$$a 813 , Cam v =100 ##$$a Canavan, Trudi =245 ##$$a Voice of the Gods , Trudi Canavan =260 ##$$a 2011 $b Bandung =300 ##$$a 822 hal , 20 cm =850 ##$$a NBPNMAT =990 ##$$a 21400613/BPAP-NTB/20142014